000 00443nam a2200181Ia 4500
001 14882
005 20260306164946.0
008 260306t2001||||xx |||||||||||||| ||spa||
041 _aESP
082 _a519.5
_bG67E
100 _aGonzález-Conde Llopis, Carlos
_eAUT
245 0 _aEstadística Aplicada con Excel 97
260 _c2001
300 _a301 páginas :
_c29 cm.
650 _aGEN
654 _aCMA
942 _cLIB
_dJUS
_fJUS
_2ddc
_n
999 _c14882
_d14882